02082nam a2200469 i 450000100060000000300080000600500170001400600190003100700150005000800410006502000240010602000310013003500220016104000310018305000210021408000110023508200230024610000290026924000980029824501670039625000460056326400600060930000420066933600310071133700330074233800430077549000130081850001060083150400280093758800830096559001620104865000620121065000590127265000560133165000460138765500270143370000400146079700180150083000140151885600630153299900170159524604FINmELB20241216215744.0m o u cr cn|||||||||230314s2022 mx a ob 000 0 spa d a9786071675194qePub z9786071671493q(rústico) a(OCoLC)1373950338 aFINmELBbspaerdacFINmELB 4aZ305b.D376 2022 a94(44)04a070.50944090332231 aDarnton, Robert,eautor.10aA Literary Tour de France: The World of Books on the Eve of the French Revolution.lEspañol10aUn magno tour literario por Francia :bel mundo de los libros en vísperas de la Revolución francesa /cRobert Darnton ; traducción de Mario A. Zamudio Vega. aPrimera edición en libro electrónico. 1aMéxico, D. F. :bFondo de Cultura Económica,c2022. a1 recurso en línea :bilustraciones atextobtxt2rdacontent/spa acomputadorabc2rdamedia/spa arecurso en líneabcr2rdacarrier/spa1 aHistoria aTítulo original: A Literary Tour de France: The World of Books on the Eve of the French Revolution. aIncluye bibliografía. aDescripción basada en metadatos suministrados por el editor y otras fuentes. aRecurso electrónico. Santa Fe, Arg.: elibro, 2023. Disponible vía World Wide Web. El acceso puede estar limitado para las bibliotecas afiliadas a elibro. 4aEditores y publicacioneszFranciaxHistoriaySiglo XVIII. 4aIndustría editorialzFranciaxHistoriaySiglo XVIII. 4aIndustria editorialzEuropaxHistoriaySiglo XVIII. 4aLibreroszFranciaxHistoriaySiglo XVIII. 4aLibros electrónicos.1 aZamudio Vega, Mario A.,etraductor.2 aelibro, Corp. 0aHistoria.40uhttps://elibro.net/ereader/politecnicointernacional/223786 c24604d24604